Statistics for Houston Rockets Trivia

Click here to take the quiz!

General Stats

  • This quiz has been taken 1,401 times
  • The average score is 7 of 10

Answer Stats

HintAnswer% Correct
Former Rockets star known as "The Beard"James Harden
100%
Tallest player in Rockets history, drafted #1 in 2002Yao Ming
93%
Nickname of Hakeem OlajuwonThe {Dream}
89%
NBA scoring champion which the Rockets got from the Magic in 2004Tracy McGrady
84%
All-star point guard who played for the team from 2017–19Chris Paul
83%
Center who scored more than 40% of his points on dunks in 2018–19Clint Capela
69%
Head coach of the Rockets from 2016–2020Mike D'Antoni
60%
Type of shot that the Rockets avoid taking at all costsMidrange
57%
"Chairman of the Boards" who was league MVP in 1979Moses Malone
54%
1990s era coach who also played for the team through most of the 1970sRudy Tomjanovich
36%

Score Distribution

Percentile by Number Answered

Percent of People with Each Score

Your Score History

You have not taken this quiz